MARC

LEADER 00000nkm^a2200000^a^4500
001 000398999
005 20250521000000.0
009 20260310121540.047
037 |a Acervo ITESO - Biblioteca 
041 |a GRA 
082 |a 720. 97206  |b PEÑ DEP PAL 
100 |a Peña Rivero, José Antonio de la  |e (arquitecto) 
240 1 1 |a [Arquitectura deportiva de José Antonio de la Peña] 
240 1 1 |a [Terraza de golf] 
240 1 1 |a [Terraza de golf: plantas] 
240 1 1 |a [Terraza de golf: alzados] 
240 1 1 |a [Terraza de golf: cortes] 
245 1 0 |a Palapa terraza de golf :  |b anteproyecto : plantas, secciones, alzados /  |c Arquitecto J.A. de la Peña Rivero ; dibujante S. Delgado. 
255 |a Escala 1 : 100 ;  |b Orientado con el norte a la izquierda 
264 0 |a Guadalajara, México :  |b dibujo inédito,  |c 2001 Noviembre 3 
300 |a 1 lámina en papel bond 
300 |a 3 dibujos arquitectónicos :  |b dibujo en computadora ;  |c 28.0 x 43.5 cm. 
336 |a imagen fija bidimensional :  |b sti  |2 rdacontenido 
337 |a sin mediación  |b n  |2 rdamedio 
338 |a plano arquitectónico  |b nz  |2 rdasoporte 
649 |a XX 
650 |a Arquitectos Jaliscienses 
650 |a Arquitectos Mexicanos 
650 |a Artistas Jaliscienses 
650 |a Artistas Mexicanos 
650 |a Terrazas -  |x Tema Principal 
650 |a Campos de Golf -  |z México 
650 |a Campos de Golf -  |x Tema Principal 
650 |a Planos Arquitectónicos -  |x Tema Principal 
650 |a Planos Arquitectónicos -  |x Plantas 
650 |a Planos Arquitectónicos -  |x Alzados 
650 |a Planos Arquitectónicos -  |x Cortes 
650 |a Dibujo Arquitectónico 
650 |a Dibujo Técnico 
650 |a Representación Arquitectónica 
650 |a Diseño Arquitectónico 
650 |a Arquitectura Deportiva -  |z México 
650 |a Arquitectura Deportiva -  |x Tema Principal 
650 |a Arquitectura Moderna -  |z México 
650 |a Arquitectura Moderna -  |x Tema Principal 
650 |a Arquitectura Jalisciense -  |y 2000-2009 
650 |a Arquitectura Jalisciense -  |y Siglo XX 
650 |a Arquitectura Mexicana -  |y 2000-2009 
650 |a Arquitectura Mexicana -  |y Siglo XX 
650 |a Arte Moderno -  |z México 
650 |a Arte Jalisciense -  |y 2000-2009 
650 |a Arte Jalisciense -  |y Siglo XX 
650 |a Arte Mexicano -  |y 2000-2009 
650 |a Arte Mexicano -  |y Siglo XX 
650 |a Peña Rivero, José Antonio de la 
700 |a Delgado, Sergio  |e (dibujante) 
910 |a Fondo Julio de la Peña Lomelín 
920 |a Gráficos - Planos Arquitectónicos 
940 |a Arquitectos Jaliscienses 
905 |a 501 
901 |a 0500294238  |b IT2  |c ARQ  |u 20250521 
902 |a https://opac.biblio.iteso.mx/vufind/Record/000398999